000 00421nam a22001937a 4500
003 UA-OsUOA
001 2021
007 ta
008 20050721b un ||||| |||| 00| 0 ukr d
100 _aMuller
700 _aM.
700 _aPronzini
700 _aB.
942 _cBK
040 _aUA-OsUOA
_cUA-OsUOA
_dUA-OsUOA
245 _aDark lessons. Crime and detection on campus.
_bLiterature
955 _a2
650 7 _2UDC
999 _c288183
_d288183